ბათუმის შოთა რუსთაველის სახელმწიფო უნივერსიტეტის ბიბლიოთეკა

ანთროპოლოგიური ფილმი / (ბიბ.ჩანაწერი № 40025)

000 -ლიდერი
ფიქსირებული სიგრძის საკონტროლო ველი 01310nam a2200265Ia 4500
001 - საკონტროლო ნომერი
საკონტროლო ველი 6631
003 - საკონტროლო ნომრის იდენტიფიკატორი
საკონტროლო ველი GE_BSU
005 - ბოლო ოპერაციის თარიღი და დრო
საკონტროლო ველი 20191206173209.0
008 - ფიქსირებული სიგრძის მონაცემთა ელემენტები - ზოგადი ინფორმაცია
ფიქსირებული სიგრძის საკონტროლო ველი 181216s2009||||ge |||||||||||||| ||geo||
020 ## - წიგნის საერთაშორისო სტანდარტული ნომერი
International Standard Book Number 9789941125928
040 ## - კატალოგიზაციის წყარო
Transcribing agency GE_BSU
041 ## - ენის კოდი
Language code of text/sound track or separate title geo
080 ## - უნივერსალური ათობითი კლასიფიკაციის ინდექსი
Universal Decimal Classification number 791.229.2:572+791.229.2:39 ლ-85
100 ## - მთავარი ჩანაწერი - პიროვნების სახელი
Personal name ლორია, მანუჩარ
9 (RLIN) 2194
245 ## - ცნობა სათაურის შესახებ
Title ანთროპოლოგიური ფილმი /
Statement of responsibility, etc მანუჩარ ლორია, თენგიზ ვადაჭკორია; რედ. ნუგზარ მგელაძე.
264 ## - წარმოების, გამოცემის, დისტრიბუციის და სხვა ცნობები
გამოცემის, წარმოების, დისტრიბუციის... ადგილი თბილისი :
გამოცემის, წარმოების, დისტრიბუციის... სახელწოდება უნივერსალი,
გამოცემის, წარმოების, დისტრიბუციის... თარიღი 2009.
300 ## - ფიზიკური აღწერა
Extent 99 გვ.;
Other physical details ცხრ., სურ. ;
Dimensions 20 სმ.
504 ## - BIBLIOGRAPHY, ETC. NOTE
Bibliography, etc ბიბლიოგრ. ტექსტ. შენიშვნ.
520 ## - SUMMARY, ETC.
Summary, etc რეზ. ინგლ. და რუს.
653 ## - INDEX TERM--UNCONTROLLED
Uncontrolled term ანთროპოლოგიური ფილმები
653 ## - INDEX TERM--UNCONTROLLED
Uncontrolled term ეთნოგრაფიული ფილმები
700 ## - ADDED ENTRY--PERSONAL NAME
Personal name ვადაჭკორია, თენგიზ
Relator term ავტორი
9 (RLIN) 5710
710 ## - ADDED ENTRY--CORPORATE NAME
Corporate name or jurisdiction name as entry element შოთა რუსთაველის სახელმწ. უნ-ტი
Subordinate unit ნიკო ბერძენიშვილის ინ-ტი
9 (RLIN) 1821
942 ## - ADDED ENTRY ELEMENTS (KOHA)
Koha item type წიგნი
Source of classification or shelving scheme
ეგზემპლარები
ჩამოწერის სტატუსი დაკარგული ეგზემპლარის სტატუსი კლასიფიკაციის წყარო ან თაროზე გაწყობის სქემა დაზიანების სტატუსი არ გაიცემა მუდმივი მდებარეობა (დაცვის ადგილი) ამჟამინდელი ადგილსამყოფელი თაროზე განთავსების ადგილი შეძენის თარიღი სრული შენახვის შიფრი შტრიხკოდი ბოლო ოპერაციის თარიღი ეგზემპლარის მიმდევრობითი ნომერი (კეტერი?) ფასის ძალაში შესვლის თარიღი ეგზემპლარის სახეობა
          ბათუმის შოთა რუსთაველის სახელმწიფო უნივერსიტეტის მთავარი ბიბლიოთეკა ბათუმის შოთა რუსთაველის სახელმწიფო უნივერსიტეტის მთავარი ბიბლიოთეკა წიგნსაცავი 2018-12-17 791.229.2:572+791.229.2:39 ლ-85 6995 2018-12-17 6995 2018-12-17 წიგნი